| 000 | 00578nam a2200181Ia 4500 | ||
|---|---|---|---|
| 003 | GCL | ||
| 008 | 140319s9999 xx 000 0 ara d | ||
| 040 |
_aGCL / _cGCL |
||
| 082 | 0 | 4 |
_a301.1 _bع ن |
| 100 | 1 | _aعلى ادهم | |
| 245 | 1 | 0 |
_aنظرات فى الحياة والمجتمع (هدية من الاديب عبدالفتاح الجمل) / _cعلى ادهم |
| 300 | _a150 | ||
| 490 |
_aالهيئة العامة للاستعلامات _v0 |
||
| 650 | 0 | 4 | _aالعلم |
| 650 | 0 | 4 | _aالاجتماع |
| 650 | 0 | 4 | _aالاخلاق الاجتماعية |
| 942 |
_2ddc _cBK |
||
| 999 |
_c46849 _d46849 |
||